L'Histoire du PSG - Statistiques

Statistiques générales
  • Ce quiz a été pris 417 fois
  • Le résultat moyen est 7 sur 15
Statistiques - réponses
Hint Réponse % Correct
Date de création du club 1970
92%
Meilleur buteur actuel Mbappe
89%
Entraineur actuel Luis Enrique
78%
Meilleur stade de compétition en LDC Finale
65%
nombre de trophées en Coupe de France 14
61%
Plus grands nombre de points en L1 (31 points devant le dauphin lyonnais) 96
55%
En quelle année le club remporte le titre de champion de France après 19 ans 2013
46%
Slogan du club rêvons plus grand
41%
Fondateurs de la rivalité PSG/OM canal +
40%
Qui sauve le psg de la relégation lors de la Saison 2008 contre Sochaux lors de la derniere journée du championnat? Amara Diané
31%
Nombres de Brésiliens passé au psg 32
29%
Joueur le plus capé Jean marc Pilorget
25%
Chanteur de la musique d'entrée au Parc des Princes Phil Collins
19%
Dernierement où peut on retrouver un reportage sur le psg fait pendants les années covid ? Amazon Prime Vidéo
5%
Premier trophée européen (nom de la compétition + date) 8 mai 1996
3%
Aucun quiz correspondant
Distribution des résultats
% des personnes avec chaque résultat
Percentile par nombre de réponses
Votre historique - résultats
Vous n’avez pas pris ce quiz